000 00642nam a2200241Ia 4500
003 OSt
005 20221007110659.0
006 a|||||r|||| 00| 0
007 ta
008 221006b |||||||| |||| 00| 0 eng d
024 _a21,616
037 _cTextual
040 _aLCO
_cLCO
_beng
041 _2eng
_aeng
082 _aX8(A):939qN65, L0
100 _aIrani J.K.
_9707760
245 0 _aPayment of Bonus Act and the Full Bench Formula
260 _aAgra
_bRam Prasad and Sons India
_c1970
300 _a367
650 _aBONUS
942 _hX8(A):939qN65, L0
_cTEXL
999 _c1191179
_d1191179